000 002160000a22000970004500
100 1 _aFitzpatrick, Brenda
245 1 0 _aEmpowering women
300 _aNúm 66 (2000), Páginas 14-15
773 0 _tTogether
942 _cANA
999 _c57071
_d57071